Zoo Animals - Statistics

General Stats
  • This quiz has been taken 47 times
  • The average score is 10 of 10
Answer Stats
Picture Answer % Correct
Hippopotamus
100%
Koala
100%
Lion
100%
Alligator
98%
Monkey
98%
Zebra
98%
Elephant
95%
Panda
95%
Giraffe
93%
Gorilla
93%
No matching quizzes found
Score Distribution
Percent of People with Each Score
Percentile by Number Answered
Your Score History
You have not taken this quiz